[Event "GER-chT U18 Girls"]
[Site "Germany"]
[Date "2011.05.14"]
[Round "6.1"]
[White "Holzapfel, Nanne"]
[Black "Wang, Yanru"]
[Result "0-1"]
[WhiteElo "800"]
[BlackElo "1180"]
[PlyCount "74"]
[EventDate "2011.05.13"]
[EventType "team-swiss"]
[EventRounds "7"]
[EventCountry "GER"]
[SourceTitle "EXT 2012"]
[Source "ChessBase"]
[SourceDate "2011.11.24"]
[SourceVersion "1"]
[SourceVersionDate "2011.11.24"]
[SourceQuality "1"]
[WhiteTeam "Remplin Benjamins (W)"]
[BlackTeam "Carolinum Gymn (W)"]
[WhiteTeamCountry "GER"]
[BlackTeamCountry "GER"]

1. e4 e5 2. Nf3 Nc6 3. Bc4 Nf6 4. Nc3 Bc5 5. 0-0 0-0 6. Re1 d6 7. Bb5 Re8 8. Bxc6 bxc6 9. d3 Bg4 10. h3 Bh5 11. Bg5 Rb8 12. Rb1 h6 13. Be3 Bb6 14. Na4 Qd7 15. Nd2 Bxd1 16. Rexd1 d5 17. b3 Nh7 18. exd5 cxd5 19. c4 Bxe3 20. fxe3 dxc4 21. dxc4 Qf5 22. Nc5 Ng5 23. Na6 Rb7 24. Nc5 Rb6 25. Na4 Ra6 26. Rf1 Qg6 27. Nc5 Rxa2 28. Rbd1 Nxh3+ 29. Kh2 Ng5 30. b4 Rd8 31. Ncb3 Ne4 32. Rf2 Nxf2 33. Rf1 Ne4 34. Rd1 Nxd2 35. Rxd2 Rdxd2 36. Nxd2 Rxd2 37. b5 Qxg2# 0-1

[Event "GER-chT U18 Girls"]
[Site "Germany"]
[Date "2011.05.14"]
[Round "5.1"]
[White "Nee, Maria Elisabeth"]
[Black "Holzapfel, Nanne"]
[Result "1-0"]
[WhiteElo "800"]
[BlackElo "800"]
[PlyCount "69"]
[EventDate "2011.05.13"]
[EventType "team-swiss"]
[EventRounds "7"]
[EventCountry "GER"]
[SourceTitle "EXT 2012"]
[Source "ChessBase"]
[SourceDate "2011.11.24"]
[SourceVersion "1"]
[SourceVersionDate "2011.11.24"]
[SourceQuality "1"]
[WhiteTeam "Mariengymn (W)"]
[BlackTeam "Remplin Benjamins (W)"]
[WhiteTeamCountry "GER"]
[BlackTeamCountry "GER"]

1. e4 e5 2. Nf3 Nc6 3. Bc4 Bc5 4. Nc3 Nf6 5. d3 0-0 6. Bg5 h6 7. Bh4 Re8 8. 0-0 d6 9. h3 Bb4 10. Nd5 Nxd5 11. Bxd8 Nxd8 12. Bxd5 Be6 13. d4 exd4 14. Bxe6 Rxe6 15. Qxd4 Bc5 16. Qc4 Nc6 17. e5 Na5 18. Qc3 b6 19. b4 Nb7 20. bxc5 bxc5 21. Rab1 Rb8 22. exd6 cxd6 23. Rfe1 Rf6 24. Re7 Re6 25. Rexb7 Rbe8 26. Rb8 Re4 27. Rxe8+ Rxe8 28. Rb7 a6 29. Nd2 Ra8 30. Qf3 Rf8 31. Ne4 a5 32. Nxd6 f6 33. Qh5 a4 34. Qg6 a3 35. Qxg7# 1-0